Statistics for Luigi's Mansion 3 Boss Ghosts

Click here to take the quiz!

General Stats

  • This quiz has been taken 202 times
  • The average score is 11 of 17

Answer Stats

Answer% Correct
King Boo
87%
Steward
79%
Chambrea
71%
Hellen Gravely
70%
Dr. Potter
68%
Kruller
68%
Chef Soulfflé
66%
King MacFrights
66%
Ug
66%
Clem
65%
Morty
65%
Serpci
64%
Amadeus Wolfgeist
62%
Johnny Deepend
62%
Captain Fishook
61%
Nikki, Lindsey, & Ginny
59%
DJ Phantasmagloria
56%

Score Distribution

Percentile by Number Answered

Percent of People with Each Score

Your Score History

You have not taken this quiz